| 000 | 01152nam a22002177a 4500 | ||
|---|---|---|---|
| 999 |
_c56743 _d56743 |
||
| 003 | Ge_BSU | ||
| 005 | 20190422145327.0 | ||
| 008 | 190412s2000 ge ||||| |||| 00| 0 geo d | ||
| 041 | _ageo | ||
| 080 | _a341.231.14 გ-66 | ||
| 100 |
_aგომიენი, დონა _9175 |
||
| 245 |
_aადამიანის უფლებათა ევროპული კონვენციის მოკლე მეგზური / _cდონა გომიენი ; რედ. თამარ დემეტრაშვილი ; წინასიტყვ. დანიელ ტარშისი. |
||
| 264 |
_aთბილისი, _c2000. |
||
| 300 |
_a243 გვ. ; _c20 სმ. |
||
| 500 | _aდანართი : გვ. 239-242. | ||
| 653 | _aსამართალი | ||
| 653 | _aადამიანის უფლებათა ევროპული კონვენცია | ||
| 700 |
_aდემეტრაშვილი, თამარ _eრედაქტორი _9176 |
||
| 700 |
_aტარშისი, დანიელ _eწინასიტყვ. ავტ. _9177 |
||
| 942 |
_2udc _cBK |
||